The doors of perception and heaven and hell
Salvato in:
| Autore principale: | |
|---|---|
| Natura: | Libro |
| Lingua: | inglese |
| Pubblicazione: |
Nueva York
Harper & Row
1963
|
| Serie: | Harper Colophon Books
|
| Soggetti: | |
| Tags: |
Aggiungi Tag
Nessun Tag, puoi essere il primo ad aggiungerne!!
|
MARC
| LEADER | 00000nam a2200000 a 4500 | ||
|---|---|---|---|
| 001 | UCR7493 | ||
| 003 | CL-VaPUC | ||
| 008 | 980515e19630000US |||||||||||||||||eng|d | ||
| 082 | 0 | 4 | |a 192 |b HUX |2 21 |
| 100 | |a Huxley, Aldous Leonard |e author |9 553641 | ||
| 245 | 1 | 4 | |a The doors of perception and heaven and hell |
| 300 | |a 185 p | ||
| 942 | |c BK | ||
| 945 | |d 19980515 00:00:00 |a mvenant | ||
| 260 | |a Nueva York |b Harper & Row |c 1963 | ||
| 650 | 0 | |a Filosofía inglesa |9 255676 | |
| 650 | 0 | |a Ensayos ingleses |9 265096 | |
| 583 | |a last modification |c 19980515 00:00:00 |k Rodrigo Vera | ||
| 490 | 0 | |a Harper Colophon Books | |
| 999 | |c 269098 |d 269096 | ||
| 952 | |0 0 |1 0 |4 0 |6 192_000000000000000_HUX_1963 |7 0 |8 A |9 302720 |a BIBART |b BIBART |d 2019-11-20 |i 3426807 |l 1 |m 2 |o 192 HUX 1963 |p 3426807 |r 2025-03-13 |s 2024-04-12 |w 2019-11-20 |y BK |k ART | ||